Reakcie jalovíc v etologických testoch v súvislosti s umiestnením chlpového víru na čele

Bibliographic Details
Main Authors: Kišac, Peter (Author), Brouček, Jan (Author), Fľak, Pavel (Author), Uhrinčať, Michal (Author), Mihina, Štefan, 1950-2021 (Author), Hanus, Anton (Author), Marenčák, Štefan (Author)
Format: Article
Language:Slovak
PhysicalDescription:Obr., tab.
Subjects:

MARC

LEADER 00000nab a2200000 a 4500
001 vtls001561467
003 SK-MaSNL
005 20260304135017.0
008 250505c2004 xo mr|p|||||||000 b|slo
015 |a SNBRB2005/04  |2 snkbucl 
035 |a (uuid)8e4c8a0a-76cb-450e-8010-e0006e26ed79 
035 |a urn:nbn:sk:snk-ab1ghn 
035 |a (urnnbn)urn:nbn:sk:snk:ar-003kkl 
038 |a SNKBUCL 
040 |a SNKBUCL  |b slo  |c SNKBUCL  |e AACR2 
041 0 |a slo  |b eng  |b slo 
044 |a xo  |c SK 
080 |a 636.2:591.513  |2 1997 
080 |a 591.513  |2 1997 
245 0 0 |a Reakcie jalovíc v etologických testoch v súvislosti s umiestnením chlpového víru na čele  |c Peter Kišac ... [et al.] 
246 3 1 |a Reactions of heifers in ethology tests in dependence on hair whorl position on the forehead 
300 |b Obr., tab. 
504 |a Bibliogr. odkazy 
546 |a Res. angl., slov. 
650 0 7 |a jalovice  |2 snkbucl  |9 2804 
650 0 7 |a správanie živočíchov  |2 snkbucl  |9 73676 
650 0 7 |a učenlivosť  |2 snkbucl  |9 1311767 
650 0 7 |a etológia  |2 snkbucl  |9 18564 
700 1 |a Kišac, Peter  |4 aut  |9 20413 
700 1 |a Brouček, Jan  |4 aut  |9 7764 
700 1 |a Fľak, Pavel  |4 aut  |9 5306 
700 1 |a Uhrinčať, Michal  |4 aut  |9 11502 
700 1 |a Mihina, Štefan,  |d 1950-2021  |4 aut  |9 232161 
700 1 |a Hanus, Anton  |4 aut  |9 11790 
700 1 |a Marenčák, Štefan  |4 aut  |9 780881 
773 0 |t Agriculture = Poľnohospodárstvo  |g Vol. 50, No. 1-3 (2004), s. 17-21 
850 |a Slovenská národná knižnica 
852 |a Slovenská národná knižnica 
954 |a odborná, vedecká literatúra pôvodná (slovenská)  |2 lita 
958 |a article27 
958 |a OND 
958 |a NB 
958 |a EUIPO 
999 |c 2909061  |d 2910991